000 01140cam a22003134a 4500
090 _c0
001 14764326
005 20070917101846.0
008 070309s2008 ohua b 001 0 eng
010 _a 2007924488
020 _a9781844804924
020 _a1844804925
040 _aDLC
_cDLC
050 0 0 _aHF5681.V3
_bP3 2008
082 _222
_a346.065
_bPAL
100 1 _aPalepu, Krishna G.,
_d1954-
245 1 0 _aBusiness Analysis & Valuation :
_bText and cases /
_cKrishna Palepu, Paul Healy...[et. al.]
246 3 _aBusiness analysis and valuation
260 _aAustralia :
_bThomson South-Western,
_cc2007.
300 _a1 v. (various pagings) :
_bill. ;
_c26 cm.
504 _aIncludes bibliographical references and index.
650 0 _aBusiness enterprises
_xValuation.
650 0 _aFinancial statements.
650 0 _aBusiness enterprises
_xValuation
_vCase studies.
700 1 _aHealy, Paul M.
942 _2ddc
_cBB
999 _c10534
_d10534